| 000 | 01072nam0a22002891 4500 | ||
|---|---|---|---|
| 001 | RU\NLR\INFOCOMM_195\5000070731 | ||
| 005 | 20260406110621.0 | ||
| 035 | _a(NLR Aleph) 009374282 | ||
| 090 |
_a7941904 _c7941904 |
||
| 100 | _a20101224d1986 |||y0rusy50 ca | ||
| 101 | 0 | _ager | |
| 102 | _aRU | ||
| 105 | _ay ||||000|y | ||
| 200 | 1 | _aErklärung von Michail Gorbatschow, Generalsekretär des ZK der KPdSU, 15. Jan. 1986 | |
| 210 |
_aM. _cAPN-Verl. _d1986 |
||
| 215 |
_a16 с. _d20 см |
||
| 300 | _aНа обороте тит. л.: Заявление Генерального секретаря ЦК КПСС М. С. Горбачева 15 янв. 1986 г. | ||
| 686 |
_aТ3(0)63-601 _2rubbk |
||
| 686 |
_aТ3(2)73-601 _2rubbk |
||
| 686 |
_aФ61(2)273-419 _2rubbk |
||
| 700 | 1 |
_4070 _8rus _7ba _aGorbačev _bM. S. _cгос. деятель _f1931-2022 _gMichail Sergeevič _3RU\NLR\AUTH\77110387 _993312 |
|
| 790 | 1 |
_9z01700 _aGorbatschow _bM. _gMichail _4070 |
|
| 801 | 1 |
_aRU _bNLR _c20101224 |
|
| 801 | 0 |
_aRU _bNLR _gPSBO |
|
| 852 |
_aNLR _jИр51 Д-4/525 |
||
| 942 | _cBOOK | ||
| 980 | _aNB | ||